Financial review of the UK municipal waste management industry (Record no. 72374)
[ view plain ]
| 000 -LEADER | |
|---|---|
| fixed length control field | 01613cam a2200253 4500 |
| 001 - CONTROL NUMBER | |
| control field | ABS66565 |
| 008 - FIXED-LENGTH DATA ELEMENTS--GENERAL INFORMATION | |
| fixed length control field | 030328n2003 000 0 eng u |
| 035 ## - SYSTEM CONTROL NUMBER | |
| System control number | (Sirsi) u121777 |
| 100 ## - MAIN ENTRY--PERSONAL NAME | |
| Personal name | Nevin, M. |
| 245 ## - TITLE STATEMENT | |
| Title | Financial review of the UK municipal waste management industry |
| 260 ## - PUBLICATION, DISTRIBUTION, ETC. | |
| Date of publication, distribution, etc. | 2003 |
| 490 ## - SERIES STATEMENT | |
| Series statement | Wastes Management |
| Volume/sequential designation | February 2003, 19-21(3) |
| 520 ## - SUMMARY, ETC. | |
| Summary, etc. | Examines the cost of municipal waste management in the UK. Outlines factors that have affected the municipal waste management industry in recent years including the outsourcing of waste management activities by local authorities and the introduction of the EU Landfill Directive and landfill tax. Estimates the total annual turnover of the industry as £3.5bn per annum and highlights the turnover and assets of leading waste management companies. Considers how the industry can meet the financial burden of developing alternative waste treatment methods and suggests that the City regards solid waste management as a risky sector. Concludes that the current period of radical change for the industry is likely to see some casualities. Graphs. Full report "Financing sustainable waste management: the challenge for the new millennium" available from Caledonian Economics, t +44 (0)131 552 8786 or [email protected]. |
| 590 ## - LOCAL NOTE (RLIN) | |
| Local note | ABS |
| 650 ## - SUBJECT ADDED ENTRY--TOPICAL TERM | |
| Topical term or geographic name entry element | MUNICIPAL SOLID WASTE |
| 650 ## - SUBJECT ADDED ENTRY--TOPICAL TERM | |
| Topical term or geographic name entry element | WASTE INDUSTRY |
| 650 ## - SUBJECT ADDED ENTRY--TOPICAL TERM | |
| Topical term or geographic name entry element | LANDFILLS |
| 650 ## - SUBJECT ADDED ENTRY--TOPICAL TERM | |
| Topical term or geographic name entry element | DIRECTIVE 99/31/EC |
| 650 ## - SUBJECT ADDED ENTRY--TOPICAL TERM | |
| Topical term or geographic name entry element | TURNOVER |
| 650 ## - SUBJECT ADDED ENTRY--TOPICAL TERM | |
| Topical term or geographic name entry element | WASTE MANAGEMENT COMPANIES |
| 690 ## - LOCAL SUBJECT ADDED ENTRY--TOPICAL TERM (OCLC, RLIN) | |
| Topical term or geographic name as entry element | ENVIRONMENTAL AND LAND CONSULTANCY-WASTE MANAGEMENT |
| 700 ## - ADDED ENTRY--PERSONAL NAME | |
| Personal name | Odendaal, S. |
| 942 ## - ADDED ENTRY ELEMENTS (KOHA) | |
| Suppress in OPAC | 0 |
| Withdrawn status | Lost status | Source of classification or shelving scheme | Damaged status | Not for loan | Home library | Current library | Shelving location | Date acquired | Total Checkouts | Full call number | Barcode | Date last seen | Copy number | Price effective from | Koha item type |
|---|---|---|---|---|---|---|---|---|---|---|---|---|---|---|---|
| Dewey Decimal Classification | London | London | Journal article | 28/03/2003 | ABS66565 | 121777-1001 | 06/08/2019 | 1 | 06/08/2019 | Journal article |